Czechoslovak economic papers 22

Gespeichert in:
Bibliographische Detailangaben
Format: Buch
Sprache:Englisch
Veröffentlicht: Prague Academia 1984
Tags: Tag hinzufügen
Keine Tags, Fügen Sie das erste Tag hinzu!

MARC

LEADER 00000nam a2200000 4500
001 c114328
005 20041019155158.2
041 0 |a eng 
044 |a CZ 
245 1 0 |a Czechoslovak economic papers 22 
264 1 |a Prague  |b Academia  |c 1984 
300 |a 113 s.